000 00656nam a22001817a 4500
005 20170616155912.0
010 _aENG-118733
020 _c175.00
035 _aEN-102265
037 _bDBAD/PUB
082 _a576
100 _aV. Susmitha Priya
245 _aMicrobiology m.sc., entrance exams preparation material :
_cby V. Susmitha Priya, B. Malleswari, M. Ramesh [and.et. all]
_buseful for all universities and other competitive exams /
260 _aHyderabad
_bLorven Publications
_c2010
270 _a3-5- 1108, Maruthi Complex, Narayanguda
_bHyderbad
_e500029
300 _a286p.
_c23cm(pbk)
942 _2ddc
_cEN
_h576
_mSUS
999 _c141257
_d141257